Main Series Ace Attorney Cases - Statistics

General Stats
  • This quiz has been taken 155 times
    141 since last reset
  • The average score is 20 of 30
Answer Stats
Game Answer % Correct
Phoenix Wright: Ace Attorney Turnabout Sisters
92%
Phoenix Wright: Ace Attorney (National Release) Rise From The Ashes
91%
Phoenix Wright: Ace Attorney The First Turnabout
91%
Phoenix Wright: Ace Attorney Turnabout Goodbyes
91%
Phoenix Wright: Ace Attorney Turnabout Samurai
91%
Phoenix Wright: Ace Attorney: Trials And Tribulations Bridge To The Turnabout
82%
Phoenix Wright: Ace Attorney: Justice For All Turnabout Big Top
82%
Phoenix Wright: Ace Attorney: Justice For All Farewell, My Turnabout
79%
Phoenix Wright: Ace Attorney: Trials And Tribulations Turnabout Memories
77%
Phoenix Wright: Ace Attorney: Trials And Tribulations The Stolen Turnabout
76%
Apollo Justice: Ace Attorney Turnabout Trump
73%
Phoenix Wright: Ace Attorney: Trials And Tribulations Recipe For Turnabout
71%
Phoenix Wright: Ace Attorney: Justice For All The Lost Turnabout
71%
Apollo Justice: Ace Attorney Turnabout Serenade
68%
Phoenix Wright: Ace Attorney: Justice For All Reunion, And Turnabout
66%
Phoenix Wright: Ace Attorney: Trials And Tribulations Turnabout Beginnings
66%
Phoenix Wright: Ace Attorney: Dual Destinies Turnabout Academy
65%
Apollo Justice: Ace Attorney Turnabout Corner
62%
Phoenix Wright: Ace Attorney: Dual Destinies Turnabout For Tomorrow
61%
Phoenix Wright: Ace Attorney: Spirit Of Justice Turnabout Revolution
61%
Phoenix Wright: Ace Attorney: Dual Destinies The Monstrous Turnabout
59%
Apollo Justice: Ace Attorney Turnabout Succession
59%
Phoenix Wright: Ace Attorney: Dual Destinies Turnabout Countdown
56%
Phoenix Wright: Ace Attorney: Dual Destinies The Cosmic Turnabout
54%
Phoenix Wright: Ace Attorney: Spirit Of Justice The Magical Turnabout
53%
Phoenix Wright: Ace Attorney: Spirit Of Justice The Foreign Turnabout
52%
Phoenix Wright: Ace Attorney: Spirit Of Justice (DLC) Turnabout Time Traveler
51%
Phoenix Wright: Ace Attorney: Spirit Of Justice Turnabout Storyteller
46%
Phoenix Wright: Ace Attorney: Dual Destinies (DLC) Turnabout Reclaimed
43%
Phoenix Wright: Ace Attorney: Spirit Of Justice The Rite Of Turnabout
42%
No matching quizzes found
Score Distribution
Percent of People with Each Score
Percentile by Number Answered
Your Score History
You have not taken this quiz since the last reset